Central Library OPAC University of Rajshahi

Royal Commission on Capital Punisment 1949-1953 report : (Record no. 9924)

MARC details
000 -LEADER
fixed length control field 00654nam a22002057a 4500
001 - CONTROL NUMBER
control field 9924
003 - CONTROL NUMBER IDENTIFIER
rucl marc code BD-RjUL
005 - DATE AND TIME OF LATEST TRANSACTION
control field 20211208234851.0
008 - FIXED-LENGTH DATA ELEMENTS--GENERAL INFORMATION
fixed length control field 140122s1949 enk ||| |||| 000 0 eng d
035 ## - SYSTEM CONTROL NUMBER
System control number (BD-RjUL)9970
040 ## - CATALOGING SOURCE
Original cataloging agency BD-RjUL
Language of cataloging eng
Transcribing agency BD-RjUL
041 ## - LANGUAGE CODE
Language code of text/sound track or separate title eng
082 04 - DEWEY DECIMAL CLASSIFICATION NUMBER
Classification number 343.23
Author mark and year ROY
111 1# - MAIN ENTRY--MEETING NAME
Meeting name or jurisdiction name as entry element Her Majesty Stationery Office
9 (RLIN) 30669
245 ## - TITLE STATEMENT
Title Royal Commission on Capital Punisment 1949-1953 report :
Remainder of title Presented to Parliament by Command of Her Majesty Septenber 1953 /
260 ## - PUBLICATION, DISTRIBUTION, ETC. (IMPRINT)
Place of publication, distribution, etc. London :
Name of publisher, distributor, etc. Her Majesty Stationery Office
Date of publication, distribution, etc. 1949
300 ## - PHYSICAL DESCRIPTION
Pagination x, 501p. ;
Size 26cm.
650 07 - SUBJECT ADDED ENTRY--TOPICAL TERM
Source of heading or term SLSH
Topical term or geographic name as entry element Capital Punisment
9 (RLIN) 30668
942 ## - ADDED ENTRY ELEMENTS (KOHA)
Source of classification or shelving scheme Dewey Decimal Classification
Koha item type Books
Holdings
Lost status Source of classification or shelving scheme Damaged status Not for loan Collection code Permanent Location Current Location Shelving location Date acquired Source of acquisition Cost, normal purchase price Total Checkouts Full call number Date last seen Copy number Koha item type
  Dewey Decimal Classification   Not For Loan Non-fiction Central Library, University of Rajshahi Central Library, University of Rajshahi Reading Room 08/08/1957 British Service Merjieel Dhaka 8.10   343.23 ROY 1953 22/01/2014 C-1 Books